Catálogo
 En Linea

Septuagésima tercera graduación ordinaria : (Registro nro. 47146)

Detalles MARC
000 -CABECERA
campo de control de longitud fija 00718nam a2200205 a 4500
001 - NÚMERO DE CONTROL
campo de control 000047658
003 - IDENTIFICADOR DEL NÚMERO DE CONTROL
campo de control DO-SdBNP
005 - FECHA Y HORA DE LA ÚLTIMA TRANSACCIÓN
campo de control 20260219105724.0
008 - DATOS DE LONGITUD FIJA--INFORMACIÓN GENERAL
campo de control de longitud fija 110627s2017 dr 000 0 spa d
040 ## - FUENTE DE LA CATALOGACIÓN
Centro catalogador/agencia de origen DO-SdBNP
Lengua de catalogación spa
Centro/agencia transcriptor BNPHU
082 ## - NÚMERO DE LA CLASIFICACIÓN DECIMAL DEWEY
Número de clasificación 378.7293
Número de documento/Ítem U588s
110 2# - ENTRADA PRINCIPAL--NOMBRE DE ENTIDAD CORPORATIVA
Nombre de entidad corporativa o nombre de jurisdicción como elemento de entrada Universidad Católica de Santo Domingo
9 (RLIN) 1476
245 10 - MENCIÓN DE TÍTULO
Título Septuagésima tercera graduación ordinaria :
Resto del título Auditorio Casa San Pablo 20 de octubre de 2017/.
260 ## - PUBLICACIÓN, DISTRIBUCIÓN, ETC.
Lugar de publicación, distribución, etc. Santo Domingo :
Nombre del editor, distribuidor, etc. Universidad Católica Santo Domingo,
Fecha de publicación, distribución, etc. 2017.
300 ## - DESCRIPCIÓN FÍSICA
Extensión [28 p.] ;
Dimensiones 21 cm.
590 ## - NOTA LOCAL (RLIN)
Nota local Inventariado, 2018/VM
650 #4 - PUNTO DE ACCESO ADICIONAL DE MATERIA--TÉRMINO DE MATERIA
Término de materia o nombre geográfico como elemento de entrada Universidades
Subdivisión geográfica República Dominicana
9 (RLIN) 729
650 #0 - PUNTO DE ACCESO ADICIONAL DE MATERIA--TÉRMINO DE MATERIA
Término de materia o nombre geográfico como elemento de entrada Educación superior
Subdivisión geográfica República Dominicana
9 (RLIN) 730
942 ## - ELEMENTOS DE PUNTO DE ACCESO ADICIONAL (KOHA)
Fuente del sistema de clasificación o colocación Dewey Decimal Classification
Tipo de ítem Koha Folleto
Existencias
Estado de retiro Estado de pérdida No para préstamo Código de colección Localización permanente Ubicación/localización actual Ubicación en estantería Fecha de adquisición Número de inventario Total de préstamos Signatura topográfica completa Código de barras Fecha visto por última vez Número de copia Precio válido a partir de Tipo de ítem Koha
    Excluido de préstamo Dominicana de Servicio General General Depósito 13.07.2018 LF1   378.7293 U588s 47658-30 25.06.2020 e. 3 25.06.2020 Libro y Folleto Colección Dominicana de Servicio
    Excluido de préstamo Dominicana de Servicio General General Depósito 29.07.2019 LF1   378.7293 U588s 47658-40 25.06.2020 e. 4 25.06.2020 Libro y Folleto Colección Dominicana de Servicio
    Excluido de préstamo Patrimonio Dominicano Patrimonio Dominicano Patrimonio Dominicano Depósito 13.07.2018 LF1   378.7293 U588s 47658-10 25.06.2020   25.06.2020 Libro y Folleto Colección Patrimonio Dominicano
    Excluido de préstamo Patrimonio Dominicano Patrimonio Dominicano Patrimonio Dominicano Depósito 13.07.2018 LF1   378.7293 U588s 47658-20 25.06.2020 e. 2 25.06.2020 Libro y Folleto Colección Patrimonio Dominicano

Con tecnología Koha